| 000 | 01004nam a22003017a 4500 | ||
|---|---|---|---|
| 001 | 9631 | ||
| 003 | FISKH | ||
| 005 | 20260406155915.0 | ||
| 008 | 260126b cb ||||| |||| 00| 0 eng d | ||
| 020 | _a9781250016669 | ||
| 040 |
_aFISKH _beng _cFISKH _dFISKH |
||
| 050 | _a PZ7 .P8518 .H | ||
| 082 | _a813.6 | ||
| 100 | _aPotter , Ellen | ||
| 245 |
_aThe humming room / _cBy Ellen Potter |
||
| 260 |
_aNew York : _bSquare Fish , _c2013 . |
||
| 300 |
_a184 pages : _billustrations ; _c19 cm . |
||
| 505 | _aS | ||
| 520 | _aTwelve-year-old orphan Roo Fanshaw is sent to live with an uncle she never knew in a largely uninhabited mansion on Cough Rock Island and discovers a wild river boy, an invalid cousin, and the mysteries of a hidden garden. | ||
| 521 | 8 |
_a800
_bLexile |
|
| 521 | 8 |
_aS
_bRaz-Plus |
|
| 650 |
_aGardens _vFiction |
||
| 650 |
_aOrphans _vFiction |
||
| 650 | _aIsland | ||
| 700 |
_aCollins , Patrick _eBook Designer |
||
| 942 |
_2ddc _cBK _n0 |
||
| 999 |
_c9631 _d9631 |
||